00527 a2200157 4500010001400000020002300014035001300037037001600050082001100066100002100077245005900098260005400157270006700211300003900278500005200317 aENG-89697 a8121511690c600.00 aEN-73230 bDBAD / PUB14a954.011 aDhavalikar, M.K.1 aThe Aryans:cby M.K. Dhavalikarbmyth and archaeology/ aNew DelhibMunshiram Manoharlal Publishersc2007 aPost Box 5715, 54 Rani Jhansi Road,bNew DelhicDelhie110055 axii, 226p.:c24 cm ( Hb)bill,maps aIncludes bibliographical references and index